LEADER 00944nam0 2200313 450 001 9910247555903321 005 20210225124317.0 010 $a978-88-15-27083-2 100 $a20180108d2017----km y0itay50 ba 101 0 $aita 102 $aIT 105 $a 001yy 200 1 $aEroi e mostri$eil fantasy come macchina mitologica$fAlessandro Dal Lago 210 $aBologna$cil Mulino$d2017 215 $a194 p.$d22 cm 225 1 $aSaggi$v854 610 0 $aEroi immaginari$aRappresentazione nella letteratura$aSec. 20 610 0 $aEroi immaginari$aRappresentazione nel cinema 676 $a809.38766$v23$zita 700 1$aDal Lago,$bAlessandro$f<1947- >$0120306 801 0$aIT$bUNINA$gREICAT$2UNIMARC 901 $aBK 912 $a9910247555903321 952 $a306.4 DAL 1$b4315$fBFS 952 $aCollez. 75 ( 854)$b2910/2020$fFSPBC 959 $aBFS 959 $aFSPBC 996 $aEroi e mostri$91503623 997 $aUNINA LEADER 00996nam0 2200325 450 001 9910247555603321 005 20210728095348.0 010 $a978-88-575-3845-7 100 $a20180108d2017----km y0itay50 ba 101 1 $aita$ceng 102 $aIT 105 $a 001yy 200 1 $aPer un'etica della responsabilità$elezioni di teoria politica$fHannah Arendt$ga cura di Maria Teresa Pansera 210 $aMilano ; Udine$cMimesis$d2017 215 $a150 p.$d21 cm 225 1 $aBabel$ile parole della filosofia$v23 610 0 $aPolitica$aAspetti etici 610 0 $aResponsabilità 676 $a320.01$v22$zita 676 $a172$v22$zita 700 1$aArendt,$bHannah$f<1906-1975>$038902 801 0$aIT$bUNINA$gREICAT$2UNIMARC 901 $aBK 912 $a9910247555603321 952 $a320.01 ARE 3$b4208$fBFS 952 $aCollez. 2655 (23)$b3206/2020$fFSPBC 959 $aBFS 959 $aFSPBC 996 $aPer un'etica della responsabilità$91472428 997 $aUNINA LEADER 01566nam0 2200361 i 450 001 RAV0171685 005 20251003044326.0 100 $a20130827d1991 ||||0itac50 ba 101 | $aita 102 $ait 181 1$6z01$ai $bxxxe 182 1$6z01$an 183 1$6z01$anc$2RDAcarrier 200 1 $aCrisi del marxismo e problemi globali$fa cura di Giuseppe Maccaroni$gscritti di M. Alcaro ... [et al.] 210 $aNapoli$cCUEN$d[1991] 215 $a141 p.$d24 cm 606 $aMARXISMO$xSAGGI$2FIR$3MILC000497$9I 606 $aMARXISMO$xCrisi$2FIR$3RAVC008835$9I 676 $a320.532$9COMUNISMO$v23 676 $a335.4$9SISTEMI MARXIANI (MARXISMO)$v19 702 1$aAlcaro$b, Mario$3CFIV009091 702 1$aMaccaroni$b, Giuseppe$3RAVV070356 801 3$aIT$bIT-000000$c20130827 850 $aIT-BN0095 $aIT-SA0251 $aIT-NA0261 $aIT-NA0666 901 $bNAP 82$cCAC $n$ 901 $bNAP GV$cF. MODERNO$n$ 901 $bNAP 01$cPOZZO LIB.$nVi sono collocati fondi di economia, periodici di ingegneria e scienze, periodici di economia e statistica e altri fondi comprendenti documenti di economia pervenuti in dono. 901 $bNAP FT$cST. CIV. $n$ 912 $aRAV0171685 950 0$aBiblioteca Centralizzata di Ateneo$c1 v.$d 01POZZO LIB.ECON MON 7089$e 0101 0700202835E VMA 1 v. ( Precedente collocazione 20 Ec 293$fB $h20220728$i20220728 977 $a 01$a 82$a FT$a GV 996 $aCrisi del marxismo e problemi globali$92902106 997 $aUNISANNIO